[Event "Windsor NAYCC U16"]
[Site "Windsor"]
[Date "2016.08.09"]
[Round "5.41"]
[White "Ramasamy, Vikram"]
[Black "Maruvada, Shaunak"]
[Result "1/2-1/2"]
[WhiteElo "2046"]
[BlackElo "1966"]
[PlyCount "74"]
[EventDate "2016.08.07"]
[EventType "swiss"]
[EventRounds "9"]
[EventCountry "CAN"]
[SourceTitle "EXT 2022"]
[Source "ChessBase"]
[SourceDate "2021.10.06"]
[SourceVersion "1"]
[SourceVersionDate "2021.10.06"]
[SourceQuality "1"]

1. e4 c5 2. c3 Nf6 3. e5 Nd5 4. Nf3 Nc6 5. Bc4 Nb6 6. Bb3 d5 7. exd6 e6 8. 0-0 Bxd6 9. d4 cxd4 10. cxd4 0-0 11. Nc3 a6 12. Re1 Be7 13. Be3 Bf6 14. Ne4 Be7 15. Bf4 Nd5 16. Bg3 f5 17. Bxd5 exd5 18. Nc3 f4 19. Rxe7 Nxe7 20. Bh4 Qd6 21. Bxe7 Qxe7 22. Nxd5 Qd6 23. Nc3 Bg4 24. Qb3+ Kh8 25. Qxb7 Rab8 26. Qe4 Rxb2 27. Ne5 Bc8 28. Nc4 Qc7 29. Nxb2 Qxc3 30. Qe2 Qxd4 31. Rd1 Qf6 32. f3 Bf5 33. Nc4 Qe6 34. Qxe6 Bxe6 35. Ne5 Bxa2 36. Ra1 Re8 37. Rxa2 Rxe5 1/2-1/2

[Event "Windsor NAYCC U16"]
[Site "Windsor"]
[Date "2016.08.08"]
[Round "2.32"]
[White "Maruvada, Shaunak"]
[Black "Bellissimo, Joseph F"]
[Result "0-1"]
[WhiteElo "1966"]
[BlackElo "2142"]
[PlyCount "58"]
[EventDate "2016.08.07"]
[EventType "swiss"]
[EventRounds "9"]
[EventCountry "CAN"]
[SourceTitle "EXT 2022"]
[Source "ChessBase"]
[SourceDate "2021.10.06"]
[SourceVersion "1"]
[SourceVersionDate "2021.10.06"]
[SourceQuality "1"]

1. d4 Nf6 2. c4 e6 3. Nc3 Bb4 4. Qc2 0-0 5. a3 Bxc3+ 6. Qxc3 b5 7. cxb5 c6 8. bxc6 Nxc6 9. Bg5 Bb7 10. e3 Rc8 11. Qd2 Na5 12. Bxf6 gxf6 13. Qd1 Bd5 14. Bd3 Nb3 15. Bxh7+ Kh8 16. Bd3 Qa5+ 17. Kf1 Nd2+ 18. Ke1 Bxg2 19. b4 Qd5 20. Kxd2 Bxh1 21. Qg4 Rg8 22. Qh4+ Kg7 23. Ne2 Bg2 24. Nf4 Qb3 25. Qh7+ Kf8 26. Rc1 Rxc1 27. Kxc1 Qc3+ 28. Kb1 Be4 29. Qh6+ Ke7 0-1